| 000 | 00490nam a2200169 i 4500 | ||
|---|---|---|---|
| 001 | 150800 | ||
| 003 | ES-MaACL | ||
| 005 | 20230906203714.0 | ||
| 007 | t| | ||
| 008 | 071112s1952 sp ||||1| spa d | ||
| 245 | 0 | 3 | _aLa seguridad en el trabajo. |
| 260 |
_a[Madrid : _bs.n., _c1952?] ( _fImp. Benzal) |
||
| 300 |
_a78 p. : _bil. ; _c24 cm. |
||
| 500 | _aPrecede al tít.: Escuelas Internacionales. | ||
| 710 | 2 |
_aEscuelas Internacionales. _93618 |
|
| 852 |
_aES-MaACL _jC-21649 _bR.48827 |
||
| 999 |
_c150800 _d150800 |
||